[Event "London Classic 7th"]
[Site "London"]
[Date "2015.12.06"]
[Round "3"]
[White "Grischuk, Alexander"]
[Black "Giri, Anish"]
[Result "1/2-1/2"]
[WhiteElo "2750"]
[BlackElo "2778"]
[Annotator "Mokal,P"]
[PlyCount "93"]
[EventDate "2015.12.04"]
[EventType "tourn"]
[EventRounds "9"]
[EventCountry "ENG"]
[EventCategory "22"]
[SourceTitle "CBM 170"]
[Source "ChessBase"]
[SourceDate "2016.01.15"]
[SourceVersion "1"]
[SourceVersionDate "2016.01.15"]
[SourceQuality "1"]

1. e4 e5 2. Nf3 Nc6 3. Bb5 Nf6 4. O-O Nxe4 5. d4 {Grischuk rarely shies away
from the Berlin endgame. The last time he tried something different was in
2006.} Nd6 6. Bxc6 dxc6 7. dxe5 Nf5 8. Qxd8+ Kxd8 9. h3 Ke8 10. Nc3 h5 11. Ne2
{There are many alternatives for White, all played by strong players.} ({
Restricting ourselves to the recent World Championships we can recollect that
Carlsen played} 11. Bf4 {in game 7 of the World Championship match 2014. After}
Be7 12. Rad1 Be6 13. Ng5 Rh6 14. g3 Bxg5 15. Bxg5 Rg6 16. h4 f6 17. exf6 gxf6
18. Bf4 Nxh4 19. f3 Rd8 20. Kf2 Rxd1 21. Nxd1 Nf5 22. Rh1 {½-½ (122) Carlsen,
M (2863)-Anand,V (2792) Sochi 2014. White had a very tiny edge but Anand
resourcefully obtained a draw (fortress) by sacrificing a piece for 2 pawns a
few moves later.}) 11... b6 12. Bg5 (12. Nfd4 {does not bring anything because
after} Nxd4 13. Nxd4 c5 $1 14. Nb5 {Black has the key move} Kd7 $1 {[%cal
Gd7c6]}) ({Keeping the g5-square for the N did not achieve anything special
for White, as after} 12. Bf4 {[%csl Gf3,Gg5]} c5 13. Rad1 Bb7 14. Ng5 {[%csl
Gh6] Kramnik cleverly used the h6-square to manoeuvre his R with} Rh6 {[%cal
Gh6g6] McShane,L (2645)-Kramnik,V (2791) London 2010 CBM 140 [Postny,E] (½-½,
139), and even took over the initiative soon.}) ({Game 9 of the World
Championship Match 2014 saw Carlsen try} 12. Rd1 Ba6 13. Nf4 Bb7 14. e6 {
which looked scary at first, but Anand was well prepared and secured a short
and easy draw after} Bd6 15. exf7+ Kxf7 16. Ng5+ Kf6 17. Ne4+ Kf7 18. Ng5+ Kf6
19. Ne4+ Kf7 20. Ng5+ {1/2-1/2 Carlsen,M (2863)-Anand,V (2792)/Sochi 2014/CBM
164}) 12... c5 {[%csl Gd4] Black controls the d4-square...} ({Previously Black
had tried} 12... Bb7 {in Grischuk vs Caruana which was well analysed by Postny.
It went} 13. Rad1 Be7 (13... c5 $142 14. Nc3 {which would transpose to the
main game of 12...c5.}) 14. Bxe7 (14. e6 $5) 14... Kxe7 15. Nf4 c5 16. Ng5 Rh6
$2 (16... Rad8 $2 17. e6 $16) (16... Rhd8 $142 $1) 17. c3 $16 {[%cal Gf1e1,
Ge5e6] 1-0 Grischuk,A (2774)-Caruana,F (2796)/Skopje 2015/CBM 169/[Postny,E] 
(49); and Grischuk went on to score an impressive victory.}) 13. Nc3 {[%csl
Gb5,Gd5] White goes for the b5- and d5-squares.} ({White did not achieve
anything more than equality when he tried to protect his pawn structure -} 13.
Rad1 Bb7 14. Rd3 Be7 15. Bxe7 Kxe7 16. Rfd1 Rad8 17. Rxd8 Rxd8 18. Rxd8 Kxd8
19. Ng5 Ke7 20. Nf4 h4 {Black was very comfortable in the correspondence game
Myakutin vs Andersen, 2012, which was drawn after 37 moves.}) 13... Bb7 14.
Rad1 {[%cal Gc3b5]} Bxf3 15. gxf3 {[%cal Gc3d5,Gc3b5]} c6 {Black controls the
b5- and d5-squares...} 16. Ne4 {[%csl Gd6] White goes for the d6-square!} Be7
17. f4 Bxg5 (17... Rd8 $5) 18. fxg5 Ke7 19. Nd6 Ke6 ({Generally in the Ruy
Lopez Exchange structures, and the Berlin Variation, the pawn ending is
usually winning for White. So Black could not think about exchanging both the
rooks -} 19... Nxd6 20. Rxd6 Rhd8 21. Rfd1 Rxd6 22. Rxd6 Rd8 23. Rxd8 Kxd8 24.
f4 Ke7 25. Kf2 Ke6 26. Kf3 Kf5 27. Ke3 $18 {Eventually Black runs out of moves,
as due to his bad pawn structure on the queenside, White's 3 pawns easily
block Black's 4 pawns. Then it is just an extra pawn on the kingside for White.
Grischuk mentioned that he had studied this kind of endgame and knew it was
winning for White, although it may not be so obvious at the beginning of the
K+P ending.}) 20. f4 {Grischuk thought for 1 hour 20 minutes before making
this move!} (20. Nxf5 Kxf5 21. Rd7 Rhf8 $11 {is nothing for White. The near
perfect placement of the Black K compensates for the 7th rank placement of the
White R.}) (20. Rfe1 $2 Nd4 $1 {[%cal Gd4f3,Gd4c2] is great for Black.}) (20.
c3 Nxd6 (20... Rad8 21. Rfe1) 21. Rxd6+ (21. exd6 Kd7 $15) 21... Kxe5 $11)
20... Rad8 $2 {A mistake, but the problem for Grischuk was that having spent a
long long time working out the critical variations with 20...Nd6, he ran into
time trouble now.} (20... Ne3 $6 21. f5+ Ke7 22. f6+ $1 gxf6 23. exf6+ Kf8 24.
Nxf7 $3 ({Grischuk's first guess was} 24. Nf5 Nxd1 25. Rxd1 $14 {but it is
likely that he would have found 24.Nxf7 had the position arisen on the board.})
24... Kxf7 25. Rd7+ Kf8 (25... Ke8 26. Re7+ $18) 26. Rf3 $16 {[%csl Gf6,Gg5]
[%cal Gg5g6,Gg6g7]}) ({According to Grischuk the most critical reply was} 20...
Nxd6 {and this is the move that made him think for a long time.} 21. Rxd6+ (21.
exd6 $6 Kd7 $15) 21... Kf5 {"If White had his K on g2 here and he could play
Kf3 then Black would just have to resign, but White is not in time to achieve
this. After working out 22.Kg2 and 22.Rc6 and not finding anything, I realised
that 22.Rd7 would be my best chance here" (Grischuk)} 22. Rd7 (22. Rxc6 Rac8 $1
23. Rxc8 (23. Rd6 Rhd8 $132) 23... Rxc8 24. Kg2 Rd8 $15) (22. Kg2 Rad8 23. Kf3
Rxd6 24. exd6 Ke6 $15 (24... Rd8 25. Re1 Rxd6 26. Re7 f6 27. Rxg7 Rd4 $11))
22... Rhf8 23. Kg2 {[%cal Gg2f3]} Rad8 (23... a5 24. Kf3 Rad8 25. Rfd1 $16) 24.
Rxa7 Rd2+ 25. Rf2 Rxf2+ 26. Kxf2 Kxf4 27. Rc7 (27. e6 $5 fxe6 28. Rxg7 Rd8 29.
Ke2 (29. g6 $5) 29... Kg3 $132 {were Giri's thoughts.}) (27. a4 Kxe5 28. Rb7 b5
29. axb5 (29. a5 Ra8 30. Rxf7 Rxa5 31. Rxg7 Ra2 $11) 29... cxb5 30. Rxb5 Kd6
$11) 27... Kxe5 (27... Kxg5 $5 28. Rxc6 Rb8 29. Rc7 Rf8 $13) 28. Rxc6 Rb8 29.
Rc7 $14 {and it is still a bit unpleasant for Black. This in-depth analysis
was done over the board by Grischuk, as he showed in the press conference.}) (
20... Rhd8 21. Rfe1 Nd4 $13) 21. Rfe1 g6 (21... Nd4 22. Kh1 $5 {[%cal Gc2c3] /
\c3 as in the game.} Nxc2 $143 $2 23. f5+ Ke7 24. f6+ Ke6 (24... Kf8 25. Nf5 $1
$18 {[%csl Rd8,Rg7]}) 25. fxg7 Rhg8 26. Rf1 Nd4 (26... Rxg7 27. Rf6+ Kxe5 28.
Nc4+ Ke4 29. Rxd8 $18) 27. Rf6+ Kd5 (27... Kxe5 28. Nxf7+ $18) 28. Nxf7 Rd7 29.
Rd6+ Rxd6 30. exd6 $18) 22. Kf2 Nd4 23. c3 Nf5 24. Kf3 $16 {Black is almost
helpless now. But he has has one thing on his side - time.} Ng7 25. Rd2 Ke7 26.
Red1 Rhg8 27. a4 a6 (27... Ne6 28. h4 Ng7 29. f5 gxf5 30. Kf4 Ke6 31. Nxf5 $1
$18 {[%cal Gd2d8,Gf5g7] Grischuk}) 28. Nc4 (28. h4 $5 Nf5 29. Nxf5+ gxf5 30.
Rxd8 Rxd8 31. Rxd8 Kxd8 32. a5 $1 bxa5 (32... b5 33. b4 $1 cxb4 (33... c4 34.
Ke3 $18 {is the same}) 34. cxb4 Kd7 35. Ke3 Kd8 36. Kd4 Kd7 37. Kc5 Kc7 38. e6
fxe6 39. g6 $18) 33. Ke3 Kd7 34. Kd3 Ke6 35. Kc4 Kd7 36. Kxc5 a4 37. Kb6 $18)
28... Rxd2 29. Rxd2 b5 30. Na5 Rc8 31. Rd6 bxa4 32. Rxc6 $6 ({The simplest way
was} 32. Nxc6+ $1 Ke8 33. Ke4 Nf5 (33... Ne6 34. h4 c4 35. f5 $18) 34. Kd5 $1 (
34. Rf6 $5 $18) 34... Nxd6 35. exd6 c4 36. h4 Ra8 (36... Kd7 37. Ne5+ Kd8 38.
d7 Rc7 39. Kd6 $18 {[%cal Ge5f7]}) 37. Kxc4 Kd7 38. Kd5 $18 {[%cal Gc6e5,Gc3c4,
Gc4c5]}) 32... Rd8 $5 (32... Rxc6 33. Nxc6+ $16) 33. Nc4 $6 (33. Rxa6 $142 $1
$16 Rd3+ 34. Ke4 Rxh3 35. Ra7+ Kf8 (35... Ke6 36. Nc6 $18 {[%cal Ga7e7,Gc6d8]})
36. Nc4 Nf5 37. Nd6 $18) 33... a3 34. bxa3 $6 (34. Rc7+ $142 Ke6 35. Nxa3 Rd3+
36. Ke4 Rxh3 37. Nc4 $16) 34... Rd3+ $1 $132 {Now Black gets enough
counterplay to hold the position.} 35. Ke4 Rxc3 36. Nd6 Rxa3 37. Rc7+ Ke6 38.
Rxf7 Ne8 $1 {The move that Grischuk underestimated in his time pressure. Anish
Giri "This is what happens when you use up too much time. When cheap tricks
appear on the board there is not enough time to spot them."} 39. Rf8 Nxd6+ 40.
exd6 Ra4+ 41. Ke3 Kxd6 42. Rf6+ Kd5 43. f5 Ra3+ 44. Kf4 Ra4+ 45. Ke3 Ra3+ 46.
Kf4 Ra4+ 47. Ke3 {An unfortunate result for Grischuk who obtained a winning
position out of the early middlegame but could not convert it. The spectators
got a taste of Giri's sense of humour. When Daniel King asked the players to
pinpoint the moment where White missed his win, Giri replied, "I think he
missed the win when he thought for 1 hour 20 minutes for a move. If he had
thought for 1 hour 10 minutes then he would have won easily with the extra 10
minutes!"} 1/2-1/2

[Event "London Classic 7th"]
[Site "London"]
[Date "2015.12.11"]
[Round "7"]
[White "Adams, Michael"]
[Black "Grischuk, Alexander"]
[Result "1/2-1/2"]
[WhiteElo "2737"]
[BlackElo "2747"]
[Annotator "Szabo,Kr"]
[PlyCount "57"]
[EventDate "2015.12.04"]
[EventType "tourn"]
[EventRounds "9"]
[EventCountry "ENG"]
[EventCategory "22"]
[SourceTitle "CBM 170"]
[Source "ChessBase"]
[SourceDate "2016.01.15"]
[SourceVersion "1"]
[SourceVersionDate "2016.01.15"]
[SourceQuality "1"]

1. e4 c5 2. Nf3 d6 3. d4 cxd4 4. Nxd4 Nf6 5. Nc3 a6 {Grischuk is a great
expert in the Najdorf with both colours.} 6. g3 {The solid reply, Adams
prepares for a positional game.} g6 (6... e5) ({and} 6... e6 {are more popular
lines.}) 7. Bg2 Bg7 8. O-O O-O 9. h3 Nc6 10. Be3 Bd7 11. Nd5 ({Recently
Naiditsch played} 11. Nde2 Rc8 12. Nd5 Nxd5 13. exd5 Nb8 14. Nd4 a5 15. Qd2 Re8
16. Rfe1 Na6 17. Re2 b5 18. Rae1 b4 19. Bg5 Qb6 20. c3 e5 $2 {A decisive
mistake.} (20... Be5 $1 {was the important move to make.}) 21. dxe6 fxe6 22.
Nxe6 bxc3 23. Qd5 $1 Nb4 24. Nd8+ $1 Nxd5 25. Rxe8+ Bf8 26. Bxd5+ Kg7 27. R1e7+
$1 Bxe7 28. Rg8# {1-0 Naiditsch-Esen, Reykjavik 2015. What a wonderful game by
Naiditsch!}) (11. Qd2 {is also a typical continuation.}) 11... Rc8 12. c3 $146
{A novelty by Adams.} ({There was a drawish game with} 12. Nxc6 bxc6 13. Bb6
Qe8 14. Nc7 Qd8 15. Nd5 Qe8 16. Nc7 Qd8 17. Nd5 {1/2 Motylev-Nepomniachtchi,
Jerusalem 2015.}) 12... Ne5 13. a4 Nxd5 (13... Nc4 14. Bc1 {is similar to the
game.}) 14. exd5 Nc4 15. Bc1 {White prepares for b3 to remove the knight from
c4.} Qa5 16. Re1 ({Of course now} 16. b3 $2 {does not work, because of} Qxc3
$19 {and Black is winning.}) 16... Rfe8 17. Ra2 $1 {A deep prophylactic move,
moreover White prepares for b3, because now ...Qxc3 could have been met by Ne2
and White wins.} b5 $6 {Probably a little inaccuracy, because he weakens the
c6-square.} (17... Ne5 {was more accurate,} 18. Bf4 (18. f4 $6 Nc4 19. b3 $2 {
does not work now, as} Qxc3 $1 20. Ne2 Ne3 $3 {This is the point!} 21. Nxc3
Nxd1 $19 {and suddenly Black is winning.}) 18... Qb6 {with a balanced
middlegame.}) 18. Nc6 $1 Bxc6 19. dxc6 e6 {Black wants to play ...d5.} 20. Qe2
$1 {The right reply.} Ne5 (20... d5 $2 {is bad, as} 21. Bxd5 $1 $18) 21. b4 (
21. Bf4 $1 {was stronger,} bxa4 (21... Nxc6 22. Bxd6 $14 {and White has a
clear advantage.}) 22. Qc2 Qc7 23. Bxe5 Bxe5 24. Qxa4 $14 {and White is more
comfortable.}) 21... Qc7 $1 {The most precise move.} ({In the event of} 21...
Qb6 22. Be3 Qb8 23. axb5 axb5 24. Ba7 Qc7 25. Qxb5 d5 26. Ra6 Nxc6 27. Bb6 $14
{and White has a slight edge.}) 22. axb5 axb5 23. Qxb5 Nxc6 24. Be3 d5 (24...
Bxc3 $2 {is a losing move, because of} 25. Rc1 $18) (24... Ne5 $5 {was also
possible.}) 25. Bf4 {This is a provocative move.} Be5 (25... e5 $6 {was the
point of White's previous move,} 26. Bd2 $14 {and Black is in trouble.}) 26.
Bd2 Bg7 27. Bf4 Be5 28. Bd2 Bg7 29. Bf4 {and repetition of moves.} 1/2-1/2

[Event "London Classic 7th"]
[Site "London"]
[Date "2015.12.12"]
[Round "8"]
[White "Grischuk, Alexander"]
[Black "Aronian, Levon"]
[Result "1/2-1/2"]
[WhiteElo "2750"]
[BlackElo "2781"]
[Annotator "Marin,M"]
[PlyCount "80"]
[EventDate "2015.12.04"]
[EventType "tourn"]
[EventRounds "9"]
[EventCountry "ENG"]
[EventCategory "22"]
[SourceTitle "CBM 170"]
[Source "ChessBase"]
[SourceDate "2016.01.15"]
[SourceVersion "1"]
[SourceVersionDate "2016.01.15"]
[SourceQuality "1"]

1. Nf3 d5 2. g3 Nf6 3. Bg2 e6 4. O-O Be7 5. c4 O-O 6. b3 b6 7. Bb2 Bb7 8. cxd5
$5 {This rare continuation has been tried a few times at the very top and high
levels lately.} ({The classical treatment of the double fianchetto Reti is} 8.
e3 {[%cal Gb1c3] followed by cxd5 only under certain circumstances. See for
instance Marin,M (2589)-Kryvoruchko,Y (2717) Reykjavik 2015 CBM 170 [Marin] (1/
2-1/2, 36)}) 8... Nxd5 {The way of capturing is a matter of taste.} ({I find
the last move too unambitious and more of an attempt to equalise gradually. I
would play} 8... exd5 {without any doubt. The classical view of the tabyia
arising after} 9. d4 {Portisch,L (2625)-Karpov,A (2690) EU-chT (Men) 06th 1977
(4.1) 0-1 (White does not get anything positive by keeping his pawn on d3. A
classical example with a slightly different move order is} {)} Na6 10. Nc3 c5 {
Having grown up with so many games with hanging pawns played by Karpov, Andrey
Sokolov or Psakhis, I surely enjoy Black's position even though I could also
play this as White.}) 9. d4 Nd7 ({There is no clear refutation of the
immediate break in the centre with} 9... c5 10. dxc5 Bxc5 {True, the bishop
has been forced to occupy an exposed position, but the queen has got the
e7-square for its development, something it will miss in our main game.} 11.
Nbd2 Nf6 12. Nc4 Nbd7 13. e3 Qe7 14. Nd4 Bxg2 15. Kxg2 Rfc8 {Dzagnidze,N (2559)
-Pham,L (2319) Doha 2015 (1-0, 50), with normal play for Black.}) 10. Re1 $5 {
An ambitious move, delaying the queen knight's deveopment until the enemy
knight retreats from d5.} (10. Nbd2 {fails to fight for the d5-square and
obstructs the d-file.} N5f6 11. Qc2 Rc8 12. Rac1 c5 13. Qb1 Rc7 14. dxc5 Rxc5
15. Rxc5 Bxc5 16. b4 Be7 17. a3 Qa8 $11 {Nakamura,H (2760)-Aronian,L (2815)
Beijing 2012 (1/2-1/2, 57)}) (10. Nc3 {simplifies too soon:} Nxc3 11. Bxc3 Rc8
12. Qd3 Nf6 13. Ne5 Bxg2 14. Kxg2 c5 15. dxc5 Rxc5 16. Rac1 Qxd3 $6 (16... Qa8+
$1 $11 17. Qf3 $6 Ne4 $1 18. Bb2 f6 19. Rc4 Rxc4 20. Nxc4 Rd8 $36) 17. Nxd3
Rcc8 18. Bb2 {Fernandez,D (2477)-Orosz,A (2281) Kecskemet 2015 (1-0, 58). The
"Catalan knight" on d3 ensures White the more pleasant play.}) 10... N5f6 (
10... c5 11. e4 N5f6 12. Nc3 {transposes.}) 11. Nc3 c5 ({Alternatively, Black
could fight for the e4-square with} 11... Bb4 12. Qc2 Bxc3 13. Qxc3 Be4 14.
Red1 Qc8 15. Bf1 (15. Nd2 $5 Bxg2 16. Kxg2 $14 c5 $6 17. dxc5 Qxc5 18. Qf3 $36
{[%cal Gd2c4]}) 15... Nd5 16. Qe1 Bxf3 17. exf3 {[%csl Gd5]} Qb7 18. Rac1 c6
19. f4 a5 20. a3 N7f6 21. Rc2 Rfd8 22. Rdc1 Rd6 23. Qe2 Ne7 24. Bg2 Nfd5 $11 {
Grischuk,A (2774)-Kramnik,V (2777) Berlin 2015 (½-½, 46)}) 12. e4 cxd4 {
A virtually forced releasing of the tension.} ({A neutral move such as} 12...
Re8 $6 {can be met with the standard pawn break} 13. d5 $1 exd5 14. e5 $1 Ng4
15. Nxd5 $16 {Apicella,M (2541)-Brodsky,M (2558) Cappelle-la-Grande 2012 (1/
2-1/2, 30)}) 13. Nxd4 {Gligoric,S-Szabo,L Candidates Tournament 1953 (6) 0-1
White intends completing his development with Qe2, Red1 and Rac1, leaving
Black with problems finding a good square for his queen. This is a frequent
problem for Black, in many different opennigs as pointed out by Bronstein in
his famous book Zurich '53 when commenting on} Bc5 ({The alternate way of
putting pressure on the d4-knight in order to cross White's main plan is
illusory:} 13... Ne5 14. Re2 {This original regrouping is not too effective in
this position but it might have inspired Grischuk for the next phase of the
game.} (14. Qe2 $1 {[%cal Ge1d1]} Qxd4 15. Nd5 Qc5 16. Rac1 Qd6 17. Nxe7+ Qxe7
18. Bxe5 $14) 14... Qb8 15. Rd2 Rd8 {Hertneck,G (2571)-Unzicker,W (2436)
Germany 2000 (0-1, 32)}) 14. Re2 $1 $146 {The start of a very effective and
far from obsious regrouping.} (14. a3 Bxd4 15. Qxd4 Nc5 16. Qe3 (16. Qxd8 Rfxd8
17. b4 Nd3 18. Re2 Nxb2 19. Rxb2 Rac8 $17) 16... Nxb3 17. Rad1 Qe7 18. Nb5 Nc5
19. Nd6 Rad8 20. e5 Nd5 21. Qe2 Ba8 22. Qc4 $44 {Bologan,V (2654)-Kashlinskaya,
A (2448) Doha 2015 (1-0, 36)}) (14. e5 $6 Nxe5 $1) 14... Qb8 (14... Qe7 15. e5
$16) (14... a6 15. Rd2 Qc7 (15... Qb8 {transposes to the game}) 16. Rc1 $14)
15. Rd2 a6 {Preparing a contorted way of developing, but there is no simple
solution to connecting rooks.} 16. Qe2 Ra7 17. Re1 $14 {[%cal Ge4e5] White is
better developed and has several active plans based on the advance of the
kingside pawns. The immediate threat is e4-e5.} Ne5 (17... Qa8 18. a3 b5 19. b4
Bxd4 (19... Bb6 20. a4 bxa4 21. Nxa4 Bd8 22. g4 $5) 20. Rxd4 $14 {[%csl Gb2,
Gg2]}) 18. Kh1 {[%cal Rc5g1,Gf2f4]} Qa8 (18... Rd8 19. Red1 b5 20. f4 Ng6 21.
f5 $14) 19. f4 Ng6 (19... Ned7 20. g4 $40) 20. Nc2 Rd8 (20... b5 21. b4 Be7 (
21... Bb6 22. a4 $16) 22. a3 Rd8 23. Rxd8+ Qxd8 24. Rd1 Qb8 25. Nd4 $14 {
[%csl Ge7,Gg6]}) 21. Red1 (21. Rxd8+ $1 Qxd8 22. Na4 Nd7 (22... Be7 23. Bd4 Nd7
24. Nxb6 Nxb6 25. Qf2 $16) 23. f5 Nge5 24. Rd1 $16) 21... Rxd2 22. Rxd2 h5 23.
Qd1 {Now and on the next moves White in vain refrains from driving the enemy
bishop away from its active position.} (23. b4 Bf8 24. a3 $14) 23... Ng4 24.
Qe1 (24. b4 $1 Nf2+ $6 25. Rxf2 Bxf2 26. Qd2 $16) 24... Bc6 25. h3 $6 {
Weakening the f4-square.} (25. b4 Bf8 26. Qe2) 25... Nf6 26. b4 Bf8 27. Qe3 Rd7
$11 {[%csl Gf4][%cal Gh5h4] Black has finally reached complete harmony and the
worst is behind him already.} 28. Rxd7 Nxd7 29. a3 h4 {Polugaevsky,L (2620)
-Gheorghiu,F (2605) Moscow 1981 (4) 1/2 I first saw this way of undermining
the white queenside in an old game in which Black prematurely agreed to a draw,
} 30. Nd4 (30. g4 Bd6 31. Ne2 e5 32. f5 Nf4 $132) 30... Bb7 31. f5 $6 (31. g4
e5 $132) 31... exf5 32. Nxf5 Nde5 $15 33. Nd5 $6 (33. Qd4 $15) 33... Nc4 34.
Qd4 Nxb2 35. Qxb2 hxg3 $2 {Carelessly allowing a drawing combination.} (35...
Qe8 $17 36. Nh6+ $2 Kh7 $19) (35... Bxd5 36. exd5 hxg3 $17) 36. Nh6+ $3 gxh6 (
36... Kh7 37. Nxf7) 37. Nf6+ Kh8 38. Nh5+ Kg8 (38... f6 39. Qxf6+ Kh7 40. Qf7+
Kh8 41. Nf6 Bg7 42. Qxg6 Bxf6 43. Qxh6+ Kg8 44. Qxf6 $18 Bxe4 $2 45. Qe6+) 39.
Nf6+ Kh8 40. Nh5+ Kg8 1/2-1/2

[Event "chess.com gf blitz 5m+2spm"]
[Site "Chess.com INT"]
[Date "2016.04.06"]
[Round "2"]
[White "Aronian, Levon"]
[Black "Grischuk, Alexander"]
[Result "0-1"]
[WhiteElo "2784"]
[BlackElo "2752"]
[PlyCount "110"]
[EventDate "2016.04.06"]
[EventType "match (blitz)"]
[EventRounds "26"]
[EventCountry "USA"]
[SourceTitle "EXT 2017"]
[Source "ChessBase"]
[SourceDate "2016.10.25"]
[SourceVersion "1"]
[SourceVersionDate "2016.10.25"]
[SourceQuality "1"]

1. e4 c5 2. Nc3 d6 3. Nf3 a6 4. g3 g6 5. Bg2 Bg7 6. d4 cxd4 7. Nxd4 Nf6 8. h3
O-O 9. O-O Nc6 10. Be3 Bd7 11. Nd5 Rc8 12. Nxc6 bxc6 13. Nxf6+ Bxf6 14. c3 c5
15. Qc2 Qa5 16. h4 Rb8 17. Bg5 Bxg5 18. hxg5 c4 19. f4 Rb6 20. Kh2 Rfb8 21. b4
cxb3 22. axb3 Qc5 23. Rfb1 a5 24. Rb2 Be6 25. Rab1 Rc8 26. c4 Rcb8 27. Bh3 Bxh3
28. Kxh3 Qe3 29. Kg2 Rb4 30. Qe2 Qxe2+ 31. Rxe2 a4 32. e5 Rxb3 33. Ra1 Rb2 34.
Rxb2 Rxb2+ 35. Kf3 Rb4 36. exd6 exd6 37. Ke4 Rxc4+ 38. Kd5 Rc5+ 39. Kxd6 Ra5
40. Ra3 Kg7 41. Kc6 h6 42. Kb6 Ra8 43. Kb7 Re8 44. Rxa4 hxg5 45. fxg5 Re3 46.
Rg4 f5 47. gxf6+ Kxf6 48. Kc6 g5 49. Rc4 Rxg3 50. Rc5 Rd3 51. Kb5 Kg6 52. Kc4
Rd8 53. Rc7 Kf5 54. Rf7+ Ke4 55. Kc3 g4 0-1